Unknown / Nth - Hozier (All Lyrics) - Statistics

General Stats
  • This quiz has been taken 259 times
  • The average score is 226 of 271
Answer Stats
Answer % Correct
I
99%
a
98%
know
98%
the
98%
You
98%
you
98%
me
96%
to
96%
be
95%
an
94%
made
94%
never
94%
of
94%
difference
93%
distance
93%
la
93%
la)
93%
in
92%
It
92%
it
92%
(Sha
92%
Sha
92%
we
91%
good
89%
my
89%
So
89%
so
89%
unknown
89%
And
88%
and
88%
being
88%
angel
87%
for
87%
I'd
87%
on
87%
that
87%
That
87%
walk
87%
alone
86%
I'm
86%
love
86%
ain't
85%
all
85%
baby
85%
empty
85%
home
85%
like
85%
own
85%
were
85%
Where
85%
beat
84%
could
82%
Do
82%
fire
82%
it's
82%
its
82%
lake
82%
see
82%
still
82%
more
81%
any
80%
swam
80%
beneath
79%
can
78%
sea
78%
there
78%
carry
77%
heart
77%
thought
77%
believe
76%
just
76%
goodness
75%
seen
75%
who
75%
is
74%
time
74%
your
74%
across
73%
break
73%
called
73%
far
73%
finally
73%
first
73%
from
73%
take
73%
walked
73%
have
72%
If
72%
vastness
72%
injury
71%
knowing
71%
floor
70%
leapt
70%
weight
70%
frozen
68%
some
68%
washed
68%
are
67%
darkness
67%
shine
67%
flags
65%
held
65%
how
65%
mind
65%
scarlet
65%
they
65%
better
64%
between
64%
Funny
64%
much
64%
secrecy
64%
every
63%
Every
63%
living
63%
people
63%
stuck
63%
teeth
63%
true
63%
colours
62%
pieces
61%
smile
60%
now
58%
Ignored
56%
light
56%
than
56%
night
55%
tedious
54%
as
51%
left
51%
shone
51%
sleep
51%
listen
49%
side
49%
going
48%
what's
48%
blinding
47%
tick
46%
either
44%
down
18%
No matching quizzes found
Score Distribution
Percent of People with Each Score
Percentile by Number Answered
Your Score History
You have not taken this quiz